[Event "Euro Online U2300 Day 1"]
[Site "chess.com INT"]
[Date "2020.05.25"]
[Round "5"]
[White "Pankratov, Oleg"]
[Black "Rozgonyi, Aron"]
[Result "0-1"]
[WhiteElo "2104"]
[BlackElo "2117"]
[WhiteFideId "24115290"]
[BlackFideId "706159"]
[EventDate "2020.05.25"]

1. d4 d5 2. c4 c6 3. Nf3 Nf6 4. e3 Bf5 5. Nc3 e6 6. Nh4 Bg4 7. Qb3 Qb6 8. h3 Bh5
9. g4 Bg6 10. Nxg6 hxg6 11. Bg2 Na6 12. c5 Qxb3 13. axb3 e5 14. Ra4 exd4 15.
exd4 Nc7 16. Be3 a6 17. b4 O-O-O 18. Ra1 Be7 19. Kd2 Rde8 20. Rae1 Bd8 21. f4
Ne4+ 22. Kd3 Bh4 23. Rc1 Nf2+ 24. Bxf2 Bxf2 25. Nd1 Bg3 26. f5 gxf5 27. gxf5 Rh4
28. Ne3 Rxe3+ 29. Kxe3 Bf4+ 30. Kd3 Bxc1 31. Rxc1 Nb5 32. Rf1 Rxd4+ 33. Kc2 Rxb4
34. f6 g6 35. Re1 Nd4+ 36. Kc3 Rc4+ 37. Kd3 Ne6 38. Kd2 Rf4 39. Kc3 Rxf6 40. h4
Kd7 41. b4 Rf2 42. Bf1 Rf4 43. h5 gxh5 44. Bd3 h4 45. Rh1 Ng5 46. Kd2 Rxb4 47.
Bf5+ Ke7 48. Re1+ Kf6 49. Rf1 Ke5 50. Bc8 Ne4+ 51. Kc2 Nxc5 52. Rxf7 a5 53. Rf5+
Kd6 54. Rf6+ Kc7 55. Bh3 a4 56. Rf7+ Kb6 57. Rf1 Rb3 58. Bc8 a3 59. Bf5 Rg3 60.
Kb1 Ka5 61. Rh1 h3 62. Bxh3 b5 63. Bf5 Kb4 64. Bc2 d4 65. Rh6 d3 0-1

[Event "Euro Online U2300 Day 1"]
[Site "chess.com INT"]
[Date "2020.05.25"]
[Round "5"]
[White "Svitojus, Zygimantas"]
[Black "Piankov, Evgenij"]
[Result "1-0"]
[BlackTitle "IM"]
[WhiteElo "2033"]
[BlackElo "2216"]
[WhiteFideId "12805777"]
[BlackFideId "14100525"]
[EventDate "2020.05.25"]

1. d4 d5 2. Nf3 Nf6 3. e3 c5 4. b3 cxd4 5. exd4 Nc6 6. Bb2 Bg4 7. h3 Bh5 8. Bd3
e6 9. a3 Be7 10. Nbd2 O-O 11. O-O Rc8 12. Re1 Qb6 13. Qe2 a5 14. Qf1 a4 15. b4
Na7 16. Ne5 Rc7 17. Kh1 Nc8 18. f4 Bg6 19. c4 Bxd3 20. Qxd3 dxc4 21. Ndxc4 Qb5
22. Ne3 Qxd3 23. Nxd3 Nb6 24. f5 Rd8 25. fxe6 fxe6 26. Nc5 Bxc5 27. dxc5 Nbd5
28. Be5 Rf7 29. Nc4 Ne8 30. Kg1 Rf5 31. Nb2 b5 32. Rad1 h5 33. Nd3 Kf7 34. Nf4
g6 35. Nd3 Ndf6 36. Bg3 Rdd5 37. Ne5+ Kg7 38. Nc6 Rxd1 39. Rxd1 Rd5 40. Rxd5
Nxd5 41. Na7 Nec7 42. Be5+ Kf7 43. Kf2 Ke7 44. Kf3 Kd7 45. Ke4 Ke7 46. Nc6+ Kd7
47. Na7 Ke7 48. c6 Kd8 49. Kd4 h4 50. Kc5 Ne3 51. Bxc7+ Kxc7 52. Nxb5+ Kc8 53.
Nd6+ Kd8 54. b5 Nd5 55. b6 g5 56. Nf7+ Kc8 57. Nxg5 1-0

[Event "Euro Online U2300 Day 1"]
[Site "chess.com INT"]
[Date "2020.05.25"]
[Round "5"]
[White "Godzwon, Iwo"]
[Black "Ivic, Velimir"]
[Result "1-0"]
[WhiteTitle "FM"]
[BlackTitle "GM"]
[WhiteElo "2347"]
[BlackElo "2548"]
[WhiteFideId "21802483"]
[BlackFideId "950122"]
[EventDate "2020.05.25"]

1. e4 c5 2. Nf3 d6 3. d4 cxd4 4. Nxd4 Nf6 5. Nc3 a6 6. Be3 e6 7. f3 h5 8. Qd2
Be7 9. O-O-O Qc7 10. g3 Nbd7 11. h3 b5 12. Rg1 b4 13. Nce2 d5 14. g4 dxe4 15. g5
Nd5 16. g6 N7f6 17. gxf7+ Kxf7 18. fxe4 Nxe4 19. Qd3 Ndf6 20. Bg2 Bb7 21. Nf4
Qa5 22. Nfxe6 Qxa2 23. Bxe4 Qa1+ 24. Kd2 Nxe4+ 25. Ke2 Qa5 26. Rxg7+ Ke8 27. Nf5 1-0

[Event "Euro Online U2300 Day 1"]
[Site "chess.com INT"]
[Date "2020.05.25"]
[Round "5"]
[White "Stan, Andrei-Mihaita"]
[Black "Sviridov, Vladislav"]
[Result "1-0"]
[WhiteElo "2044"]
[BlackElo "2123"]
[WhiteFideId "1232118"]
[BlackFideId "24121843"]
[EventDate "2020.05.25"]

1. d4 d5 2. c4 c6 3. Nc3 Nf6 4. cxd5 cxd5 5. Bf4 Nc6 6. e3 Bf5 7. Nf3 e6 8. Bd3
Bg6 9. O-O Bd6 10. Ne5 Bxe5 11. Bxe5 Nxe5 12. dxe5 Nd7 13. f4 Qb6 14. Qd2 O-O
15. Nb5 Bxd3 16. Qxd3 Nc5 17. Qe2 Ne4 18. Rac1 Rac8 19. Nd4 f6 20. Qg4 f5 21.
Qe2 g6 22. Rc2 Kf7 23. Rfc1 Rxc2 24. Qxc2 Re8 25. Qc7+ Qxc7 26. Rxc7+ Re7 27.
Rc8 a6 28. Kf1 g5 29. Ke2 g4 30. b4 Kg7 31. a4 h5 32. b5 axb5 33. axb5 h4 34. b6
Kf7 35. Rh8 Nc3+ 36. Kd3 Na4 37. Rxh4 Nxb6 38. h3 gxh3 39. gxh3 Nc4 40. Rh8 Nb2+
41. Ke2 Nc4 42. Nb5 Kg7 43. Ra8 Nb6 44. Rb8 Nc4 45. Kf3 Nd2+ 46. Kg3 1-0

[Event "Euro Online U2300 Day 1"]
[Site "chess.com INT"]
[Date "2020.05.25"]
[Round "5"]
[White "Kucher, Kostyantyn"]
[Black "Moran, Stephen"]
[Result "1/2-1/2"]
[WhiteElo "2006"]
[BlackElo "2195"]
[WhiteFideId "14195950"]
[BlackFideId "2501872"]
[EventDate "2020.05.25"]

1. e4 c5 2. c4 Nc6 3. Nc3 g6 4. g3 Bg7 5. Bg2 Nf6 6. Nge2 d6 7. O-O O-O 8. d3
Ne8 9. Be3 Nd4 10. f4 e6 11. Rb1 Nc7 12. b4 b6 13. e5 d5 14. cxd5 Nxd5 15. Nxd5
exd5 16. bxc5 Nf5 17. Bf2 bxc5 18. Bxc5 Re8 19. Nc3 Be6 20. g4 Qa5 21. Na4 Bd7
22. Bb4 Qxa4 23. gxf5 Qxd1 24. Rfxd1 Bxf5 25. Bxd5 Rac8 26. Bd6 Bh6 27. Rb7 Be6
28. Bxe6 Rxe6 29. Rxa7 Bxf4 30. d4 f6 31. Rf1 fxe5 32. Bc5 Be3+ 33. Kg2 Bxd4 34.
Bxd4 exd4 35. Rff7 h5 36. Rg7+ Kh8 37. Rh7+ Kg8 38. Rhg7+ Kh8 39. Rh7+ Kg8 40.
Rhg7+ 1/2-1/2

[Event "Euro Online U2300 Day 1"]
[Site "chess.com INT"]
[Date "2020.05.25"]
[Round "5"]
[White "Volpinari, Danilo"]
[Black "Evans, Kevin"]
[Result "0-1"]
[WhiteTitle "FM"]
[WhiteElo "1952"]
[BlackElo "2081"]
[WhiteFideId "11800054"]
[BlackFideId "1801686"]
[EventDate "2020.05.25"]

1. d4 d5 2. Bf4 Nf6 3. e3 c5 4. c3 Qb6 5. Qb3 Nbd7 6. Nf3 g6 7. Nbd2 Bg7 8. h3
O-O 9. Be2 Qd8 10. Bh2 b6 11. a4 a6 12. O-O Bb7 13. Ne5 c4 14. Qc2 b5 15. f4 e6
16. g4 Ne4 17. Bf3 Nxd2 18. Qxd2 Nxe5 19. fxe5 Qh4 20. Kg2 Bc6 21. Bg3 Qe7 22.
axb5 axb5 23. Qf2 b4 24. Bh4 g5 25. Bg3 bxc3 26. bxc3 Ra3 27. Rxa3 Qxa3 28. Qd2
Rb8 29. Rc1 Ba4 30. Bd1 Rb2 31. Bc2 Qa2 0-1

[Event "Euro Online U2300 Day 1"]
[Site "chess.com INT"]
[Date "2020.05.25"]
[Round "5"]
[White "Popov, Maksim"]
[Black "Sevdimaliyev, Urfan"]
[Result "0-1"]
[BlackTitle "GM"]
[WhiteElo "2094"]
[BlackElo "2369"]
[WhiteFideId "54123968"]
[BlackFideId "13402463"]
[EventDate "2020.05.25"]

1. e4 Nf6 2. e5 Nd5 3. d4 Nb6 4. Nf3 d5 5. Be2 Bg4 6. O-O e6 7. Nbd2 c5 8. c3
Nc6 9. Re1 cxd4 10. cxd4 Be7 11. Nf1 Rc8 12. a3 a5 13. b3 O-O 14. Ng3 Qd7 15. h3
Bxf3 16. Bxf3 a4 17. b4 Nc4 18. Ra2 Na7 19. Rae2 Nb5 20. Qxa4 Ra8 21. Qd1 Nc3
22. Qd3 Nxe2+ 23. Rxe2 Qb5 24. Qb3 Qa4 25. Qd3 Nxa3 26. Ra2 Bxb4 27. Bd1 Qa6 28.
Qe3 Rfc8 29. Qg5 Be7 30. Qd2 Nc4 31. Rxa6 Nxd2 32. Rxa8 Rxa8 33. Bxd2 Ra1 34.
Kf1 Rxd1+ 35. Ke2 Ra1 36. Nf1 b5 37. f4 b4 38. Ne3 b3 39. Bc3 Ra2+ 40. Kd3 Rf2
41. Be1 b2 0-1

[Event "Euro Online U2300 Day 1"]
[Site "chess.com INT"]
[Date "2020.05.25"]
[Round "5"]
[White "Mikheev, Aleksey"]
[Black "Guliev, Logman"]
[Result "1-0"]
[BlackTitle "IM"]
[WhiteElo "2239"]
[BlackElo "2273"]
[WhiteFideId "24177660"]
[BlackFideId "13400061"]
[EventDate "2020.05.25"]

1. e4 c5 2. Nf3 d6 3. d4 cxd4 4. Nxd4 Nf6 5. Nc3 a6 6. Be3 e5 7. Nb3 Be6 8. f3
Nbd7 9. Qd2 Nb6 10. O-O-O Nc4 11. Bxc4 Bxc4 12. g4 Be7 13. g5 Nh5 14. h4 O-O 15.
Nd5 Bxd5 16. Qxd5 Qc7 17. Rh2 b5 18. Rd3 Rac8 19. Rc3 Qd7 20. Nc5 Qc6 21. Qxc6
Rxc6 22. Nd7 Rxc3 23. bxc3 Rc8 24. Nb6 Rc6 25. Nd5 Bd8 26. Rd2 a5 27. Bb6 Bxb6
28. Ne7+ Kf8 29. Nxc6 Be3 30. Nxa5 f6 31. gxf6 Nxf6 32. c4 b4 33. Nc6 h5 34. Kd1
Bxd2 35. Kxd2 Nd7 36. Nxb4 Nc5 37. Nd3 Ne6 38. c5 dxc5 39. Nxe5 g5 40. hxg5 Nxg5
41. Ke3 Ne6 42. c3 Ke7 43. a4 Kd6 44. f4 h4 45. Nf3 h3 46. f5 Ng5 47. Kf4 Nf7
48. Kg3 c4 49. Kxh3 Kc5 50. Kg4 Nd6 51. e5 Ne4 52. f6 Nf2+ 53. Kf5 1-0

[Event "Euro Online U2300 Day 1"]
[Site "chess.com INT"]
[Date "2020.05.25"]
[Round "5"]
[White "Boe, Mads"]
[Black "Sargsyan, Tigran R."]
[Result "1-0"]
[WhiteTitle "FM"]
[WhiteElo "2284"]
[BlackElo "2274"]
[WhiteFideId "1401408"]
[BlackFideId "13311328"]
[EventDate "2020.05.25"]

1. e4 c5 2. c3 Nf6 3. e5 Nd5 4. d4 cxd4 5. Qxd4 e6 6. Nf3 Nc6 7. Qe4 f5 8. Qe2
b5 9. g3 Qc7 10. Bg2 a5 11. O-O Ba6 12. Rd1 Bc5 13. Nd4 Nde7 14. Nxb5 Qb6 15. a4
O-O 16. N1a3 Rad8 17. Nc4 Bxb5 18. axb5 Qxb5 19. Bg5 h6 20. Bxe7 Bxe7 21. Bxc6
dxc6 22. Rxd8 Bxd8 23. Re1 f4 24. Nd6 Qxe2 25. Rxe2 Bc7 26. Rd2 g5 27. Nc4 Rf7
28. g4 h5 29. h3 hxg4 30. hxg4 f3 31. Kh2 c5 32. Kg3 Rf4 33. Rd7 Rxc4 34. Rxc7
a4 35. Ra7 Re4 36. Kxf3 Rxe5 37. Rxa4 Kf7 38. Ra5 Ke7 39. b4 Kd6 40. Rxc5 Rxc5
41. bxc5+ Kxc5 42. Ke4 Kc4 43. Ke5 Kd3 44. Kxe6 Ke4 45. c4 Kf4 46. c5 Kxg4 47.
c6 Kf3 48. Kf5 g4 49. c7 g3 50. fxg3 1-0

[Event "Euro Online U2300 Day 1"]
[Site "chess.com INT"]
[Date "2020.05.25"]
[Round "5"]
[White "Queirolo Perez, Manuel"]
[Black "Nagy, Ladislav"]
[Result "1-0"]
[WhiteElo "2145"]
[BlackElo "2085"]
[WhiteFideId "3401219"]
[BlackFideId "374300"]
[EventDate "2020.05.25"]

1. e4 e5 2. Nf3 Nc6 3. Bc4 Nf6 4. Ng5 d5 5. exd5 Na5 6. Bb5+ c6 7. dxc6 bxc6 8.
Be2 h6 9. Nf3 e4 10. Ne5 Bd6 11. d4 O-O 12. h3 Re8 13. Ng4 Nd5 14. c4 Nf4 15.
Bxf4 Bxf4 16. Ne3 Qg5 17. h4 Qg6 18. Bh5 Qf6 19. g3 Bxe3 20. fxe3 Nxc4 21. Rf1
Nxe3 22. Rxf6 Nxd1 23. Bxf7+ Kf8 24. Bxe8+ Kxe8 25. Rg6 Kf7 26. Rxc6 Nxb2 27.
Nc3 Nd3+ 28. Ke2 Bf5 29. Rf1 g6 30. g4 Nb4 31. Rc7+ Ke6 32. gxf5+ gxf5 33. Rh7
Rc8 34. Rxh6+ Ke7 35. Rc1 Nd3 36. Nd5+ Kd7 37. Rh7+ Ke6 38. Rxc8 Kxd5 39. Rd7+
Ke6 40. Rxa7 f4 41. Ra3 f3+ 42. Ke3 f2 43. Rf8 Ke7 44. Rxf2 Nxf2 45. Kxf2 1-0

[Event "Euro Online U2300 Day 1"]
[Site "chess.com INT"]
[Date "2020.05.25"]
[Round "5"]
[White "Tsereteli, Tornike"]
[Black "Golubenko, Valeriy"]
[Result "1-0"]
[WhiteElo "1735"]
[BlackElo "2211"]
[WhiteFideId "13612565"]
[BlackFideId "2216477"]
[EventDate "2020.05.25"]

1. e4 g6 2. d4 Bg7 3. Nc3 d6 4. Nf3 Nf6 5. h3 O-O 6. Be2 c5 7. dxc5 dxc5 8. O-O
Nc6 9. Bc4 Nd4 10. Be3 Ne8 11. e5 Nxf3+ 12. Qxf3 Bxe5 13. Rad1 Nd6 14. Bxc5 Qc7
15. Bxd6 Bxd6 16. Bb3 Qc6 17. Bd5 Qb6 18. Bb3 Qc6 19. Ne4 Be5 20. c3 Be6 21.
Bxe6 Qxe6 22. Rfe1 Qxa2 23. Nc5 Bf6 24. Nd7 Rfe8 25. Nxf6+ exf6 26. Rxe8+ Rxe8
27. Qxb7 Re2 28. Rd8+ Kg7 29. Qb4 Re1+ 30. Kh2 Kh6 31. Qf8+ Kg5 32. f4+ Kf5 33.
Qc5+ Kxf4 34. Qf2+ 1-0

[Event "Euro Online U2300 Day 1"]
[Site "chess.com INT"]
[Date "2020.05.25"]
[Round "5"]
[White "Sudakova, Irina"]
[Black "Ismayilov, Firuz"]
[Result "1-0"]
[WhiteTitle "WGM"]
[WhiteElo "2288"]
[BlackElo "1590"]
[WhiteFideId "4129903"]
[BlackFideId "13416561"]
[EventDate "2020.05.25"]

1. e4 d6 2. d4 g6 3. Nc3 Bg7 4. Be3 a6 5. f4 b5 6. Nf3 Bb7 7. Bd3 Nd7 8. e5 e6
9. Ne4 Bc8 10. exd6 Ndf6 11. dxc7 Qxc7 12. O-O Nd5 13. Bd2 Nge7 14. c3 O-O 15.
Ne5 Nf5 16. Qe2 Bb7 17. Nc5 Rad8 18. Rae1 h5 19. a4 bxa4 20. Nxa4 Bxe5 21. fxe5
Qc8 22. Nc5 Qc6 23. Be4 Qb6 24. Bg5 Rc8 25. Qf2 Ba8 26. h3 Rc7 27. g4 hxg4 28.
hxg4 Nfe7 29. c4 Nc6 30. Nxe6 Nf4 31. Nxf4 Nxd4 32. Bxa8 Rxa8 33. Nd5 Qc5 34.
Be3 Rb7 35. Bxd4 Qxc4 36. Nf6+ Kg7 37. e6 Rb4 38. Nh5+ Kh6 39. Qf4+ g5 40. Qf6+ 1-0

[Event "Euro Online U2300 Day 1"]
[Site "chess.com INT"]
[Date "2020.05.25"]
[Round "5"]
[White "Karasik, Mikhail"]
[Black "Laptii, Nazar"]
[Result "0-1"]
[WhiteElo "2167"]
[BlackElo "2180"]
[WhiteFideId "4154541"]
[BlackFideId "14174332"]
[EventDate "2020.05.25"]

1. e4 c5 2. Nf3 d6 3. d4 cxd4 4. Nxd4 Nf6 5. Nc3 g6 6. Be3 Bg7 7. Be2 O-O 8. Qd2
Nc6 9. O-O-O Bd7 10. f3 Qb8 11. g4 Ne5 12. Bh6 a6 13. h4 b5 14. Rdg1 Nc4 15.
Bxc4 bxc4 16. h5 Qb6 17. Bxg7 Kxg7 18. hxg6 fxg6 19. Nd5 Nxd5 20. exd5 Rh8 21.
Qh6+ Kf7 22. Qf4+ Ke8 23. Re1 Rb8 24. b3 Kd8 25. Qe3 Kc7 26. Qc3 Rbe8 27. Qxc4+
Qc5 28. Qd3 Qxd5 29. Qe3 e5 30. Ne2 Bc6 31. Rhf1 Rhf8 32. c4 Qc5 33. Qc3 a5 34.
a3 Qxa3+ 35. Qb2 Qxb2+ 36. Kxb2 Bxf3 37. Rg1 Bxe2 38. Rxe2 Rf3 39. Rh2 Rb8 40.
Rxh7+ Kc6 41. Rg7 Rfxb3+ 42. Ka2 Rb2+ 43. Ka1 R2b4 44. Rg2 Rxc4 45. Rxg6 Ra4+
46. Ra2 Rxa2+ 47. Kxa2 Rb4 48. Rg8 Kd5 49. g5 Rg4 50. Ra8 Rxg5 51. Rxa5+ Ke4 52.
Kb3 Rg3+ 53. Kc2 d5 54. Ra4+ d4 55. Kd2 Rg2+ 56. Ke1 Ke3 57. Kf1 Rf2+ 58. Ke1
Rb2 59. Kd1 d3 60. Kc1 Rc2+ 61. Kd1 Rh2 62. Kc1 Rh1+ 63. Kb2 d2 0-1

[Event "Euro Online U2300 Day 1"]
[Site "chess.com INT"]
[Date "2020.05.25"]
[Round "5"]
[White "Spirliadis, Achileas"]
[Black "Adamczewski, Maciej"]
[Result "1/2-1/2"]
[WhiteElo "2149"]
[BlackElo "2045"]
[WhiteFideId "4215770"]
[BlackFideId "1148702"]
[EventDate "2020.05.25"]

1. d4 Nf6 2. c4 g6 3. Nc3 Bg7 4. e4 d6 5. Be2 O-O 6. Bg5 c5 7. dxc5 dxc5 8. Qxd8
Rxd8 9. e5 Nfd7 10. e6 fxe6 11. Bxe7 Re8 12. Bd6 a6 13. Nf3 Nc6 14. O-O b6 15.
Rfd1 Bb7 16. Bc7 Re7 17. Bd6 Ree8 18. Na4 Rac8 19. Bg3 Nd4 20. Nxd4 Bxd4 21.
Rab1 Bc6 22. Nc3 Nf6 23. Bd3 e5 24. Nd5 Nxd5 25. cxd5 Bxd5 26. Bxa6 Ra8 27. Bb5
Re7 28. a3 g5 29. h4 h6 30. Kh2 Kg7 31. f3 Kf6 32. Bd3 Raa7 33. h5 Bf7 34. b4 c4
35. Be4 Rxa3 36. b5 Bxh5 37. Rbc1 Bf7 38. Re1 Rb3 39. Bc6 h5 40. Re4 c3 41. Be1
Bg6 42. Re2 Ra7 43. Bd5 Rba3 44. Be4 Bf7 45. Bd3 Rb3 46. Bf2 Raa3 47. Bxd4 exd4
48. Re4 Rb4 49. Rce1 Ra2 50. f4 g4 51. Re5 Rd2 52. Rf5+ Kg6 53. Rg5+ Kf6 54.
Rf5+ Kg6 55. Rg5+ Kf6 56. Rf5+ 1/2-1/2

[Event "Euro Online U2300 Day 1"]
[Site "chess.com INT"]
[Date "2020.05.25"]
[Round "5"]
[White "Dorokhin, Mykhailo"]
[Black "Haring, Filip"]
[Result "1-0"]
[BlackTitle "FM"]
[WhiteElo "2299"]
[BlackElo "2306"]
[WhiteFideId "14114178"]
[BlackFideId "14933080"]
[EventDate "2020.05.25"]

1. e4 c5 2. Nc3 Nc6 3. d3 g6 4. Be3 d6 5. d4 Bg7 6. dxc5 Qa5 7. cxd6 Bxc3+ 8.
bxc3 Qxc3+ 9. Bd2 Qd4 10. Bd3 Qxd6 11. Ne2 Nf6 12. Bh6 Nxe4 13. Bxe4 Qb4+ 14.
Qd2 Qxe4 15. O-O Be6 16. Rab1 Rd8 17. Qc3 f6 18. Rxb7 Bd5 19. Nf4 Nd4 20. Re1
Bxb7 21. Rxe4 Bxe4 22. f3 Bxc2 23. Kf2 Bf5 24. g4 Bc8 25. Qc4 e5 26. Nd5 Be6 27.
Nc7+ Kf7 28. Nxe6 Nxe6 29. h4 Rc8 30. Qa6 Rc7 31. Be3 Rhc8 32. h5 g5 33. h6 Kg6
34. Qxe6 Rc6 35. Qf5+ Kxh6 36. a4 Rb8 37. Qe4 Rd6 38. Bc5 Rb2+ 39. Kg3 Rd8 40.
Be7 Re8 41. Bxf6 Rb6 42. Qf5 1-0

[Event "Euro Online U2300 Day 1"]
[Site "chess.com INT"]
[Date "2020.05.25"]
[Round "5"]
[White "Jeszenszky, Jozsef"]
[Black "Zeman, Matyas"]
[Result "1-0"]
[WhiteElo "2099"]
[BlackElo "2278"]
[WhiteFideId "753564"]
[BlackFideId "364398"]
[EventDate "2020.05.25"]

1. d4 e6 2. c4 f5 3. Nc3 Nf6 4. e3 Bb4 5. Bd3 b6 6. Nf3 Bb7 7. O-O Bxc3 8. bxc3
O-O 9. Qc2 Qe7 10. a4 d6 11. a5 Nbd7 12. Nd2 c5 13. f3 g6 14. e4 f4 15. Nb3 e5
16. Bd2 g5 17. Be1 Qg7 18. Qe2 g4 19. d5 Kh8 20. Bh4 g3 21. hxg3 fxg3 22. axb6
axb6 23. Rxa8 Bxa8 24. Ra1 Rg8 25. Ra7 Qh6 26. Bxg3 Rxg3 27. Rxa8+ Kg7 28. Qf2
Rg6 29. Ra7 Qf4 30. Nd2 Kf8 31. Bc2 Kg8 32. Ba4 Nf8 33. Rb7 Rg5 34. Rxb6 Ng6 35.
Rxd6 Nh4 36. g4 Nxg4 37. fxg4 Qxg4+ 38. Kf1 Qh3+ 39. Ke1 Qh1+ 40. Nf1 Qxe4+ 41.
Ne3 Nf3+ 42. Ke2 Rg1 43. Qxf3 Re1+ 44. Kf2 Rg1 1-0

[Event "Euro Online U2300 Day 1"]
[Site "chess.com INT"]
[Date "2020.05.25"]
[Round "5"]
[White "Lopez Varela, Pablo"]
[Black "Kabadayi, Can"]
[Result "1-0"]
[WhiteElo "2177"]
[BlackElo "2176"]
[WhiteFideId "32092105"]
[BlackFideId "6306810"]
[EventDate "2020.05.25"]

1. e4 e5 2. Nf3 Nc6 3. Bc4 Be7 4. O-O Nf6 5. d3 O-O 6. Re1 d6 7. a4 Kh8 8. a5 a6
9. Nc3 Ng8 10. Nd5 f5 11. Nxe7 Qxe7 12. Bg5 Nf6 13. d4 fxe4 14. Rxe4 Bf5 15. Re1
Bg4 16. dxe5 Nxe5 17. Nxe5 Bxd1 18. Ng6+ hxg6 19. Rxe7 Bxc2 20. Rxc7 Rfc8 21.
Rxc8+ Rxc8 22. Bf1 Bf5 23. Rd1 Rc2 24. Rxd6 Rxb2 25. Rxf6 Rb1 26. Rf8+ Kh7 27.
Rd8 Be6 28. Rd4 Ra1 29. f3 Rxa5 30. Rh4+ Kg8 31. Be3 Ra2 32. Re4 Bd5 33. Rd4 Be6
34. Rd6 Bf7 35. Rd8+ Kh7 36. Rd7 Kg8 37. Rxf7 1-0

[Event "Euro Online U2300 Day 1"]
[Site "chess.com INT"]
[Date "2020.05.25"]
[Round "5"]
[White "Curtacci, Sergio"]
[Black "Eigminas, Kipras"]
[Result "1-0"]
[WhiteElo "2038"]
[BlackElo "2116"]
[WhiteFideId "858048"]
[BlackFideId "12808423"]
[EventDate "2020.05.25"]

1. d4 Nf6 2. Nf3 g6 3. e3 Bg7 4. Bd3 O-O 5. Nbd2 c5 6. c3 b6 7. O-O Bb7 8. Qe2
d6 9. e4 Nfd7 10. Re1 e6 11. Nf1 Nc6 12. Bf4 cxd4 13. cxd4 Nxd4 14. Nxd4 Bxd4
15. Bxd6 Nc5 16. Bxc5 bxc5 17. Rad1 e5 18. Ne3 Rb8 19. b3 Bc6 20. h3 a5 21. Bc4
a4 22. g3 axb3 23. axb3 Bxe4 24. Ng4 Bf5 25. Nh6+ Kh8 26. Nxf7+ Rxf7 27. Bxf7
Bxh3 28. Bc4 Qg5 29. Rd3 Bg4 30. Qa2 Bf5 31. Qa7 Rd8 32. Rxd4 cxd4 33. Rxe5 d3
34. Re7 Qc1+ 35. Kh2 Qh6+ 36. Kg1 g5 37. Qa1+ 1-0

[Event "Euro Online U2300 Day 1"]
[Site "chess.com INT"]
[Date "2020.05.25"]
[Round "5"]
[White "Galiana Fernandez, Adrian"]
[Black "Marn, Jan"]
[Result "0-1"]
[WhiteTitle "FM"]
[BlackTitle "FM"]
[WhiteElo "2260"]
[BlackElo "2360"]
[WhiteFideId "32010150"]
[BlackFideId "14619245"]
[EventDate "2020.05.25"]

1. e4 e5 2. Nf3 Nc6 3. Bb5 a6 4. Ba4 Nf6 5. O-O Be7 6. Re1 b5 7. Bb3 d6 8. c3
O-O 9. d4 Bg4 10. Be3 exd4 11. cxd4 Na5 12. Bc2 c5 13. Nbd2 Rc8 14. a4 cxd4 15.
Bxd4 Nc4 16. axb5 axb5 17. Ra7 Nxd2 18. Qxd2 Bxf3 19. gxf3 Nh5 20. f4 Bf6 21. e5
dxe5 22. fxe5 Rxc2 23. Qxc2 Qxd4 24. Rb7 Qg4+ 25. Kf1 Qh3+ 26. Kg1 Nf4 27. Qc6
Bh4 28. Ra7 Nd3 29. Rf1 Nxe5 30. Qg2 Qxg2+ 31. Kxg2 Nc4 32. b3 Nd2 33. Rd1 Nxb3
34. Rb7 Bf6 35. Rxb5 Nd4 36. Rd5 Ne6 37. Rb5 g6 38. Rdb1 Rd8 39. Rb8 Kg7 40.
Rxd8 Bxd8 41. Rb3 h5 42. Ra3 g5 43. h3 Kg6 44. Ra6 Bc7 45. Rc6 Be5 46. Ra6 Kf5
47. Ra7 f6 48. Ra3 Nf4+ 49. Kg1 g4 50. hxg4+ hxg4 51. Rb3 Bd4 52. Kh2 Bxf2 53.
Rb5+ Kg6 54. Rb4 Kg5 55. Rb5+ f5 56. Rb3 g3+ 57. Rxg3+ Bxg3+ 58. Kxg3 Nh5+ 0-1

[Event "Euro Online U2300 Day 1"]
[Site "chess.com INT"]
[Date "2020.05.25"]
[Round "5"]
[White "Ranaldi, Lucas"]
[Black "De Verdier, Michael"]
[Result "1-0"]
[WhiteTitle "FM"]
[BlackTitle "FM"]
[WhiteElo "2353"]
[BlackElo "2291"]
[WhiteFideId "1519484"]
[BlackFideId "1710516"]
[EventDate "2020.05.25"]

1. Nf3 Nf6 2. c4 b6 3. g3 Bb7 4. Bg2 g6 5. O-O Bg7 6. Nc3 O-O 7. Re1 Ne4 8. Nxe4
Bxe4 9. d3 Bb7 10. e4 c5 11. d4 cxd4 12. Nxd4 Nc6 13. Be3 Nxd4 14. Bxd4 Bxd4 15.
Qxd4 Qc7 16. h4 d6 17. Rad1 Qc5 18. b3 Qxd4 19. Rxd4 Rac8 20. e5 dxe5 21. Bxb7
exd4 22. Bxc8 Rxc8 23. Rxe7 Rd8 24. Kf1 a5 25. Ke2 Rd6 26. Kd3 f5 27. a3 h6 28.
b4 axb4 29. axb4 Kf8 30. Re5 Kf7 31. Rd5 Re6 32. Rxd4 Ke7 33. Kd2 Rc6 34. Kc3
Re6 35. Rd3 Rc6 36. b5 Rc7 37. Rd5 Ke6 38. Rd8 Rb7 39. Kd4 Ke7 40. Rh8 Ke6 41.
Rxh6 Rd7+ 42. Kc3 Rg7 43. h5 1-0

[Event "Euro Online U2300 Day 1"]
[Site "chess.com INT"]
[Date "2020.05.25"]
[Round "5"]
[White "Grigoryan, Aram"]
[Black "Berin, Artem"]
[Result "1-0"]
[WhiteElo "1996"]
[BlackElo "1881"]
[WhiteFideId "13310542"]
[BlackFideId "14189100"]
[EventDate "2020.05.25"]

1. Nf3 Nf6 2. d4 d5 3. g3 e6 4. Bg2 Be7 5. O-O O-O 6. c4 c6 7. b3 Nbd7 8. Bb2
Qc7 9. Nbd2 b6 10. Rc1 Bb7 11. Re1 Rad8 12. e4 dxe4 13. Nxe4 Nxe4 14. Rxe4 c5
15. Re2 Nf6 16. Rd2 cxd4 17. Rxd4 Rxd4 18. Qxd4 Rd8 19. Qh4 h6 20. Re1 Ne4 21.
Qg4 Nf6 22. Qh4 Ne4 23. Qh3 Bf6 24. Bxf6 Nxf6 25. Ne5 Rd2 26. a4 Rb2 27. Bxb7
Qxb7 28. g4 Rd2 29. Qe3 Rd8 30. h4 Ne8 31. g5 hxg5 32. hxg5 Nd6 33. g6 Re8 34.
Qh3 fxg6 35. Nxg6 Nf5 36. Qh8+ Kf7 37. Qh5 Kf6 38. Ne5 Nd6 39. Qh4+ Kf5 40. Re3
g5 41. Qg4+ Kf6 42. Qh5 Qg7 43. Rf3+ Kxe5 44. Qh2+ Kd4 45. Qxd6+ Ke4 46. Qd3+
Ke5 47. Qc3+ Ke4 48. Qxg7 Kxf3 49. Qf7+ 1-0

[Event "Euro Online U2300 Day 1"]
[Site "chess.com INT"]
[Date "2020.05.25"]
[Round "5"]
[White "Schneider, Jana"]
[Black "Hansen, Lars"]
[Result "1/2-1/2"]
[WhiteTitle "FM"]
[WhiteElo "2270"]
[BlackElo "2223"]
[WhiteFideId "12924997"]
[BlackFideId "1402528"]
[EventDate "2020.05.25"]

1. e4 c5 2. Nf3 d6 3. d4 cxd4 4. Nxd4 Nf6 5. Nc3 a6 6. Be3 e5 7. Nf3 Be7 8. Bc4
Qc7 9. Bb3 O-O 10. O-O Bg4 11. h3 Bh5 12. Qe2 Nbd7 13. Rad1 b5 14. Bd5 Rac8 15.
a3 Nb6 16. Bxb6 Qxb6 17. Qd3 Rc5 18. Rd2 Rfc8 19. Nh4 Nxd5 20. Nf5 Rxc3 21. bxc3
Bf8 22. Qxd5 Rxc3 23. Qa8 Qc7 24. Rxd6 g6 25. Rd8 Qc5 26. Nd6 Kg7 27. Ne8+ Kh6
28. Nf6 Be7 29. Ng8+ Kg7 30. Nxe7 Qxe7 31. Rg8+ Kh6 32. Qxa6 Be2 33. Re1 Rxc2
34. Qb6 Bc4 35. Qe3+ Qg5 36. Qc5 Qf4 37. Rh8 Rc1 38. Qf8+ Kg5 39. h4+ Kg4 40.
Qc8+ f5 41. Rxc1 Qxc1+ 42. Kh2 Qf4+ 43. Kh1 Qc1+ 44. Kh2 Qf4+ 45. Kg1 Qc1+ 46.
Kh2 1/2-1/2